000
00300nam a2200133 a 4500
001
000001849
005
20200929145729.0
008
090629s2001 sp 000 0 spa d
020
_a
8492044292
245
0
0
_a
Guía del cielo.
260
_a
Madrid,
_c
2001.
910
_a
En proceso
999
_c
1726
_d
1726
040
_a
DO-SdBNP